000 00426pab a2200145 454500
008 180718b2002 xxu||||| |||| 00| 0 eng d
100 _aDickey, Robert J.
245 _aLocal governance without local leadership?: Emerging lessons from an ongoing study
260 _c2002
300 _ap.187-99.
362 _aJan-Oct
650 _aLocal government
773 _aPhilippine Journal of Public Administration
909 _a71410
999 _c71410
_d71410